A CONCISE TEXT BOOK OF SURGERY (Record no. 18514)
[ view plain ]
| 000 -LEADER | |
|---|---|
| fixed length control field | 00301nam a22001457a 4500 |
| 003 - CONTROL NUMBER IDENTIFIER | |
| control field | SGT |
| 082 ## - DEWEY DECIMAL CLASSIFICATION NUMBER | |
| Classification number | 617 |
| Item number | C16D |
| 100 ## - MAIN ENTRY--PERSONAL NAME | |
| Personal name | DAS,S |
| 245 ## - TITLE STATEMENT | |
| Title | A CONCISE TEXT BOOK OF SURGERY |
| 250 ## - EDITION STATEMENT | |
| Edition statement | 9TH |
| 260 ## - PUBLICATION, DISTRIBUTION, ETC. (IMPRINT) | |
| Place of publication, distribution, etc | KOLKATA |
| Name of publisher, distributor, etc | S.DAS PUB |
| Year of Publication | 2016 |
| 300 ## - PAGE DESCRIPTION | |
| No. of Pages | 1374 |
| 650 ## - SUBJECT ADDED ENTRY--TOPICAL TERM | |
| Topical term or geographic name as entry element | HOMOEOPATHIC |
| 942 ## - ADDED ENTRY ELEMENTS (KOHA) | |
| Source of classification or shelving scheme | Dewey Decimal Classification |
| Koha item type | Books |
| Withdrawn status | Lost status | Source of classification or shelving scheme | Damaged status | Not for loan | Home library | Current library | Shelving location | Date acquired | Vendor Name | Cost, normal purchase price | SGTU | Bill Number | Total Checkouts | Full call number | Accession No. (Barcode) | Date last seen | Bill Date | Koha item type |
|---|---|---|---|---|---|---|---|---|---|---|---|---|---|---|---|---|---|---|
| Dewey Decimal Classification | Homeopathy Library | Homeopathy Library | Text Book | 19/07/2019 | ABC PUB | 985.00 | SGTU | 7136 | 617 C16D | FH651 | 19/07/2019 | 09/08/2016 | Books | |||||
| Dewey Decimal Classification | Homeopathy Library | Homeopathy Library | Text Book | 19/07/2019 | ABC PUB | 985.00 | SGTU | 7136 | 617 C16D | FH652 | 19/07/2019 | 09/08/2016 | Books | |||||
| Dewey Decimal Classification | Homeopathy Library | Homeopathy Library | Text Book | 19/07/2019 | ABC PUB | 985.00 | SGTU | 7136 | 617 C16D | FH653 | 19/07/2019 | 09/08/2016 | Books | |||||
| Dewey Decimal Classification | Homeopathy Library | Homeopathy Library | Text Book | 19/07/2019 | ABC PUB | 985.00 | SGTU | 7136 | 617 C16D | FH654 | 19/07/2019 | 09/08/2016 | Books | |||||
| Dewey Decimal Classification | Homeopathy Library | Homeopathy Library | Text Book | 19/07/2019 | ABC PUB | 985.00 | SGTU | 7136 | 617 C16D | FH655 | 19/07/2019 | 09/08/2016 | Books |